[Event "World Blitz 2022"]
[Site "Almaty KAZ"]
[Date "2022.12.29"]
[Round "12.54"]
[White "Predke, A."]
[Black "Petrov, N."]
[Result "1-0"]
[WhiteElo "2684"]
[BlackElo "2537"]
[PlyCount "77"]
[EventDate "2022.12.29"]
[EventType "blitz"]

1. Nf3 d5 2. g3 g6 3. Bg2 Bg7 4. d4 Nf6 5. O-O O-O 6. a4 Bf5 ({RR} 6... a5 7. c3 c6 8. Nbd2 Nbd7 9. Re1 Re8 10. e4 dxe4 11. Nxe4 Nxe4 12. Rxe4 Nf6 13. Re1 Be6 14. Rxe6 fxe6 15. Qe2 h6 16. Bh3 Kh7 17. Bxe6 Rf8 18. Bb3 Nd5 19. Bc2 Qd6 20. Ne5 Bxe5 21. dxe5 {Nakamura,H (2802)-Nepomniachtchi,I (2770) chess.com INT 2024 1-0 (52)}) 7. a5 ({RR} 7. Nc3 c6 8. a5 Nbd7 9. a6 b6 10. Re1 Ne4 11. Nh4 Nxc3 12. bxc3 Be6 13. c4 Rc8 14. cxd5 Bxd5 15. e4 Bc4 16. c3 c5 17. e5 e6 18. Nf3 Bd5 19. Nd2 Bxg2 20. Kxg2 cxd4 21. cxd4 Nb8 {Abbasova,A (2170)-Calvo Gonzalez,J (2198) chess.com INT 2025 0-1 (37)}) 7... a6 ({RR} 7... Nc6 8. Bf4 Ne4 9. c3 b6 10. a6 Qd7 11. Nbd2 Rfe8 12. Re1 Nxd2 13. Nxd2 Bg4 14. Qb3 Rad8 15. Qa4 h6 16. h3 Be6 17. e4 g5 18. Be3 dxe4 19. Bxe4 Bd5 20. Bxd5 Qxd5 21. Qc4 Qd7 22. Nf3 {Predke,A (2684)-Dubov,D (2708) chess.com INT 2022 0-1 (46)}) 8. c3 $146 ({RR} 8. Nbd2 Nbd7 9. Nb3 Be4 10. Bf4 Rc8 11. Bh3 Bxf3 12. exf3 e6 13. Qd2 Ne8 14. Qb4 Nd6 15. Nc5 Nxc5 16. dxc5 Nb5 17. Rfd1 Qe7 18. Bf1 c6 19. Bxb5 cxb5 20. Bd6 Qf6 21. Bxf8 Bxf8 22. Qd4 Qxf3 {Urazayev,A (2473)-Mkrtchyan,M (2131) chess.com INT 2024 1-0 (52)}) 8... Nbd7 9. Bf4 Nh5 10. Be3 Nhf6 11. h3 Qc8 12. g4 Bxb1 13. Qxb1 c5 14. Rc1 c4 15. Bf4 b5 16. axb6 Nxb6 17. Ra5 e6 18. Qa2 Ne4 19. Ra1 Qc6 20. Ne5 Bxe5 21. Bxe5 Nd2 22. Rc5 Qd7 23. Rc7 Qb5 24. Qa3 Rfe8 25. g5 Nb3 26. Re1 Qa4 27. Qd6 Nc8 28. Qd7 Qxd7 29. Rxd7 Nb6 30. Rb7 Na4 31. e4 Rad8 32. Bf6 Rb8 33. Rxb8 Rxb8 34. exd5 exd5 35. Bxd5 Nb6 36. Bc6 Rc8 37. Re7 Na5 38. Be8 Nd5 39. Bxf7+ 1-0

[Event "World Blitz 2022"]
[Site "Almaty KAZ"]
[Date "2022.12.30"]
[Round "13.61"]
[White "Svane, R."]
[Black "Petrov, N."]
[Result "1-0"]
[WhiteElo "2622"]
[BlackElo "2537"]
[PlyCount "49"]
[EventDate "2022.12.29"]
[EventType "blitz"]

1. Nf3 d5 2. g3 Bg4 3. Bg2 c6 4. O-O Nd7 5. h3 Bxf3 6. Bxf3 Ngf6 7. d3 ({RR} 7. d4 e6 8. Nd2 Be7 9. e4 dxe4 10. Nxe4 Nxe4 11. Bxe4 Nf6 12. Bg2 O-O 13. c4 Qb6 14. Be3 Rfd8 15. Qc2 Qc7 16. Rfd1 a5 17. Rd3 a4 18. Rad1 Qa5 19. a3 Bf8 20. Bf3 h6 21. Kg2 Kh8 {Svane,R (2628)-Mitusov,S (2465) chess.com INT 2024 ½-½ (96)}) 7... e6 ({RR} 7... e5 8. e4 Bc5 9. Nc3 dxe4 10. Nxe4 Nxe4 11. dxe4 O-O 12. Qe2 Qe7 13. Rd1 Rfd8 14. Bd2 h6 15. Be1 Nf6 16. Kg2 Rxd1 17. Rxd1 Rd8 18. Rxd8+ Qxd8 19. b4 Bb6 20. Bc3 Bd4 21. Qd3 Qb6 22. Be1 {Ding,L (2781)-Yu,Y (2753) Danzhou 2017 ½-½ (71)}) 8. e4 ({RR} 8. Bg2 Bc5 9. d4 Be7 10. c4 O-O 11. Nd2 a5 12. a4 Bb4 13. Qc2 Nb6 14. b3 Qe7 15. e4 dxe4 16. Nxe4 Nxe4 17. Bxe4 h6 18. Bb2 Rac8 19. Qe2 Nd7 20. Rad1 Nf6 21. Bb1 Rfd8 22. f4 g6 {Lavrov,M (2344)-Usov,A (2307) Moscow RUS 2025 1-0}) 8... dxe4 9. dxe4 Ne5 $146 ({RR} 9... Bc5 10. a4 h5 11. Nd2 Qc7 12. Kh1 h4 13. g4 Ne5 14. Nb3 Bd6 15. Be3 Ng6 16. Nc1 Bf4 17. Qd2 Bxe3 18. Qxe3 Qf4 19. Ra3 Qxe3 20. Rxe3 Nd7 21. Be2 e5 22. Bc4 Nf4 23. Rd1 Nc5 24. b3 {Unneland,M (2188)-Hacker,J (2455) Fagernes NOR 2023 0-1 (64)}) 10. Bg2 Qxd1 11. Rxd1 Rg8 12. f4 Bc5+ 13. Kf1 Ned7 14. Nd2 Nh5 15. Bf3 Ndf6 16. g4 Nxf4 17. Nb3 Nxh3 18. Nxc5 g5 19. Nxb7 Nf4 20. Be3 h5 21. gxh5 N6xh5 22. e5 g4 23. Bxc6+ Kf8 24. Rd7 Rc8 25. Nd6 1-0

[Event "World Blitz 2022"]
[Site "Almaty KAZ"]
[Date "2022.12.30"]
[Round "14.12"]
[White "Grischuk, A."]
[Black "Riazantsev, A."]
[Result "1-0"]
[WhiteElo "2745"]
[BlackElo "2626"]
[PlyCount "119"]
[EventDate "2022.12.29"]
[EventType "blitz"]

1. Nf3 d5 2. g3 g6 3. Bg2 Bg7 4. O-O e5 5. d3 Ne7 6. c4 c6 7. e4 O-O ({RR} 7... dxe4 8. dxe4 Qxd1 9. Rxd1 Be6 10. b3 f6 11. Nc3 Na6 12. Be3 h5 13. Ne1 h4 14. Nd3 hxg3 15. hxg3 Kf7 16. f4 exf4 17. gxf4 Rhd8 18. Kf2 Rd7 19. Nc5 Nxc5 20. Bxc5 b6 21. Rxd7 Bxd7 22. Be3 {Ding,L (2799)-Aronian,L (2782) chess24.com INT 2021 ½-½ (53)}) 8. b4 Nd7 $146 ({RR} 8... a5 9. b5 dxc4 10. dxc4 Be6 11. Qe2 h6 12. Rd1 Qc7 13. Ba3 Re8 14. Nc3 Nd7 15. Rac1 c5 16. Nd5 Bxd5 17. cxd5 Nc8 18. Bh3 b6 19. Nd2 Nd6 20. Bb2 Nf8 21. a4 h5 22. Nc4 Nxc4 23. Rxc4 {Glashausser,S (1973)-Keller,P (2289) chess.com INT 2024 0-1 (42)}) ({RR} 8... dxe4 9. dxe4 Qxd1 10. Rxd1 Be6 11. Na3 Na6 12. Ng5 Bg4 13. f3 Bc8 14. b5 Nc5 15. Be3 Na4 16. Rac1 h6 17. Nh3 Be6 18. Nf2 Rfc8 19. Nd3 f6 20. Nc5 Nxc5 21. Bxc5 Bf8 22. f4 Bg4 23. Rf1 {Borne,F (2225)-Kjartansson,G (2450) Reykjavik ISL 2025 1-0 (61)}) 9. Nbd2 b6 10. a4 Bb7 11. a5 Rb8 12. Ba3 Re8 13. Qc2 h6 14. Nb3 dxe4 15. dxe4 Nf8 16. Rfd1 Qc7 17. Bb2 c5 18. a6 Ba8 19. b5 Ne6 20. Re1 Rbc8 21. Rac1 Rcd8 22. Nfd2 Kh7 23. Nf1 Nd4 24. Nxd4 exd4 25. Qd3 Ng8 26. Nd2 Nf6 27. h3 Re7 28. Re2 Rde8 29. Rce1 Nh5 30. Bc1 Nf6 31. f4 Nd7 32. e5 Bxg2 33. Kxg2 Kg8 34. Nf3 Qc8 35. Bd2 Qa8 36. Kh2 Nf8 37. g4 Nd7 38. h4 Kh8 39. Kg3 Nf8 40. f5 gxf5 41. gxf5 f6 42. e6 Nh7 43. Kh3 Bf8 44. Rg1 Rg7 45. Rg6 Qc8 46. Reg2 Rxg6 47. Rxg6 Bg7 48. Qe4 Qc7 49. Bf4 Qe7 50. Ne1 Nf8 51. Rg3 Nd7 52. Nd3 Nf8 53. Qd5 Rd8 54. Qf3 Qe8 55. Qb7 Nd7 56. exd7 Qe2 57. Qf3 Qc2 58. Qh5 Qxc4 59. Qg6 Rxd7 60. Qe8+ 1-0

[Event "World Blitz 2022"]
[Site "Almaty KAZ"]
[Date "2022.12.30"]
[Round "15.12"]
[White "Keymer, Vincent"]
[Black "Abdusattorov, Nodirbek"]
[Result "1-0"]
[WhiteElo "2696"]
[BlackElo "2713"]
[PlyCount "101"]
[EventDate "2022.12.29"]
[EventType "blitz"]

1. Nf3 c5 2. c4 Nc6 3. Nc3 g6 4. e3 Nf6 5. d4 cxd4 6. exd4 d5 7. cxd5 Nxd5 8. Qb3 Nxc3 9. Bc4 e6 10. bxc3 Bg7 11. Ba3 Bf8 12. O-O Bxa3 13. Qxa3 Qe7 14. Qc1 O-O 15. Qf4 ({RR} 15. Re1 Qf6 16. Rb1 b6 17. Bd3 Bb7 18. Qd2 Rac8 19. a4 Rfd8 20. Qe2 Kg7 21. Be4 Na5 22. Bxb7 Nxb7 23. Rec1 Rc7 24. Ne5 Rdc8 25. c4 Nd6 26. Rb3 Nf5 27. Rd3 h5 28. a5 Rd8 29. axb6 axb6 {Atakhan,A (2413)-Grinev,V (2422) chess.com INT 2024 ½-½ (53)}) 15... Kg7 $146 ({RR} 15... Bd7 16. Rfe1 Na5 17. Bf1 Rac8 18. Re3 f6 19. Nd2 Kg7 20. Rae1 Qa3 21. Rh3 h5 22. Rg3 Nc6 23. Nc4 Qa4 24. Nd6 Rb8 25. Bb5 Qxa2 26. h4 Qa5 27. Ree3 Qd8 28. d5 e5 29. Nf5+ Kf7 30. Rxg6 {Garcia Padron,J (2390)-Kantans,T (2508) Lanzarote 2019 1-0 (33)}) 16. Rfe1 Qf6 17. Qe4 Bd7 18. Ne5 Rad8 19. Rab1 Na5 20. Bb5 Bxb5 21. Rxb5 b6 22. Ng4 Qe7 23. Qe5+ f6 24. Qxe6 Qxe6 25. Rxe6 Rc8 26. h4 Rxc3 27. h5 gxh5 28. Rxh5 Rc7 29. Ne3 Kg6 30. g4 Rc6 31. Re7 Rf7 32. Rxf7 Kxf7 33. Rxh7+ Kg6 34. Rxa7 Kg5 35. Kg2 Kf4 36. Rf7 Rd6 37. d5 b5 38. Ra7 Nc4 39. Nxc4 bxc4 40. Ra4 Kxg4 41. Rxc4+ Kf5 42. Rd4 Kg6 43. Kf3 Kf7 44. a4 Ke7 45. Ke4 Ra6 46. Rb4 Kd6 47. Rd4 Ra8 48. Kf5 Rh8 49. f4 Rh6 50. a5 Kd7 51. d6 1-0

[Event "World Blitz 2022"]
[Site "Almaty KAZ"]
[Date "2022.12.30"]
[Round "15.30"]
[White "Ponkratov, P."]
[Black "Predke, A."]
[Result "1-0"]
[WhiteElo "2577"]
[BlackElo "2684"]
[PlyCount "85"]
[EventDate "2022.12.29"]
[EventType "blitz"]

1. g3 d5 2. Nf3 Nf6 3. Bg2 e6 4. c4 Be7 5. cxd5 exd5 6. O-O O-O 7. Qc2 c6 ({RR} 7... Re8 8. d3 c5 9. d4 Ne4 10. Nc3 Nc6 11. dxc5 Bf5 12. Qb3 Nxc3 13. bxc3 Na5 14. Qa4 Bxc5 15. Bg5 Qb6 16. Nd4 Bg6 17. Rad1 h6 18. Bf4 Be4 19. Bh3 Nc4 20. Qb3 a6 21. f3 Bg6 22. e4 {Ponkratov,P (2589)-Eljanov,P (2694) chess.com INT 2023 1-0 (40)}) ({RR} 7... d4 8. d3 a5 9. Nbd2 c5 10. Ne5 Ra7 11. Ndf3 Nd5 12. e4 Nb4 13. Qd1 Be6 14. a3 N4c6 15. a4 Nb4 16. Bd2 f6 17. Bxb4 fxe5 18. Be1 Nd7 19. Nd2 g5 20. Kh1 Qe8 21. Bf3 Ra6 22. Bh5 {Borisova,E (2209)-Bruyatskaya,M (2046) Moscow RUS 2024 0-1 (49)}) ({RR} 7... Re8 8. b3 Bf8 9. e3 c5 10. d4 cxd4 11. Nxd4 Bd7 12. Bb2 Nc6 13. Nxc6 bxc6 14. Nd2 a5 15. Bd4 h6 16. Rac1 Ba3 17. Rcd1 Qe7 18. Nb1 Bd6 19. Nc3 h5 20. Rfe1 h4 21. e4 h3 22. e5 {Ponkratov,P (2564)-Lazavik,D (2578) Sochi RUS 2024 1-0 (64)}) 8. d3 Bg4 9. h3 $146 ({RR} 9. b3 Nbd7 10. Bb2 Rc8 11. Nbd2 Bh5 12. e4 dxe4 13. dxe4 Qc7 14. Nh4 Bg6 15. Nxg6 fxg6 16. Nf3 Ng4 17. Nd4 Rf7 18. Bh3 h5 19. Qe2 {1-0 (19) Schmidt,D (1869)-Dettmann,N (1770) Rostock 2017}) 9... Bh5 10. e4 Na6 11. e5 Nd7 12. d4 Bg6 13. Qe2 Nb4 14. Ne1 c5 15. f4 Be4 16. Bxe4 dxe4 17. d5 Nxd5 18. Qxe4 N7b6 19. Nf3 Nb4 20. Nc3 Qd3 21. Qxb7 Nc2 22. Rb1 Nd4 23. Qe4 Qa6 24. Be3 Nxf3+ 25. Qxf3 Rad8 26. Rbd1 Rfe8 27. h4 Bf8 28. h5 h6 29. Bc1 Qc8 30. Kg2 Rd4 31. Be3 Rdd8 32. Ne4 Nc4 33. Bc1 Nb6 34. Rxd8 Rxd8 35. f5 Re8 36. e6 fxe6 37. f6 Kh8 38. Qg4 Qc6 39. Kh3 Qd5 40. Qg6 Rd8 41. fxg7+ Bxg7 42. Bxh6 Qd7 43. Rf7 1-0

[Event "World Blitz 2022"]
[Site "Almaty KAZ"]
[Date "2022.12.30"]
[Round "15.34"]
[White "Petrosian, TL."]
[Black "Durarbayli, V."]
[Result "1-0"]
[WhiteElo "2551"]
[BlackElo "2612"]
[PlyCount "84"]
[EventDate "2022.12.29"]
[EventType "blitz"]

1. Nf3 d5 2. g3 c6 3. Bg2 Bg4 4. h3 Bxf3 5. Bxf3 Nd7 6. Bg2 e5 7. d3 Ngf6 8. O-O Be7 9. c4 d4 $146 ({RR} 9... dxc4 10. dxc4 O-O 11. Nc3 Qc7 12. Qc2 a5 13. Rb1 Nc5 14. Na4 Ne6 15. c5 h5 16. Qc4 Rad8 17. Be3 Nd5 18. Bd2 h4 19. Rbd1 hxg3 20. fxg3 e4 21. g4 e3 22. Bc3 Ndf4 23. Rb1 Bh4 24. Rf3 {Borisova,E (2223)-Guseva,M (2368) Chelyabinsk RUS 2023 0-1 (35)}) 10. Na3 O-O 11. Nc2 a5 12. b3 Nc5 13. Rb1 Qc7 14. e3 dxe3 15. Bxe3 Rad8 16. d4 exd4 17. Nxd4 Rfe8 18. Qc2 Bf8 19. Rbd1 g6 20. Rfe1 Qc8 21. g4 Ne6 22. Nxe6 Rxe6 23. Bb6 Rde8 24. Bxa5 h5 25. g5 Nd7 26. Rxe6 Rxe6 27. h4 b6 28. Bc3 Ne5 29. Re1 Ng4 30. Rxe6 Qxe6 31. Qe4 Qd6 32. Qd4 Qh2+ 33. Kf1 f6 34. gxf6 Qxh4 35. Bxc6 Kh7 36. f7 Kh6 37. Qh8+ Kg5 38. Bd2+ Kf5 39. Bd7+ Ke4 40. Bxg4 Qxg4 41. Qc3 Qd1+ 42. Kg2 Kf5 1-0

[Event "World Blitz 2022"]
[Site "Almaty KAZ"]
[Date "2022.12.30"]
[Round "15.42"]
[White "Svane, R."]
[Black "Tabatabaei, M."]
[Result "1-0"]
[WhiteElo "2622"]
[BlackElo "2660"]
[PlyCount "123"]
[EventDate "2022.12.29"]
[EventType "blitz"]

1. Nf3 d6 2. d4 Nf6 3. Nc3 Bf5 4. Nh4 Bg6 5. Nxg6 hxg6 6. e4 e6 7. g3 d5 8. Bg2 c6 9. O-O Bb4 10. e5 $146 ({RR} 10. f3 Nbd7 11. Qd3 Qb6 12. Be3 Qa5 13. e5 Ng8 14. Ne2 Nb6 15. a3 Be7 16. Bd2 Qb5 17. Qxb5 cxb5 18. b3 Bd8 19. Rfc1 Rc8 20. Be1 a6 21. Nf4 Ne7 22. Nd3 Nd7 23. a4 Bb6 24. c3 b4 {Medici,S (2230)-Reinhardt,B (2198) Roveredo 2020 0-1}) 10... Nfd7 11. Ne2 Be7 12. Be3 Qb6 13. b3 a5 14. c4 a4 15. Qc2 axb3 16. axb3 Na6 17. c5 Qd8 18. Rfb1 O-O 19. b4 Nc7 20. Nc3 b5 21. h4 Qb8 22. Bf3 Qb7 23. Kg2 Rxa1 24. Rxa1 Ra8 25. Rh1 Nf8 26. h5 g5 27. Qd2 Nh7 28. Be2 Ra3 29. Bd3 f5 30. exf6 gxf6 31. Nb1 Ra1 32. Bxh7+ Kxh7 33. Qc2+ Kh8 34. h6 Qa8 35. h7 Qf8 36. Qg6 Ra8 37. Rh6 Qe8 38. Qc2 Qf7 39. Nd2 Na6 40. Nf3 Nxb4 41. Qb1 Na2 42. Qh1 Nc3 43. Bxg5 Ne4 44. Bf4 Ra2 45. Be3 e5 46. Nh4 Ra8 47. Ng6+ Kg7 48. h8=Q+ Rxh8 49. Nxh8 Qe6 50. Rg6+ Kf8 51. Qh6+ Ke8 52. Qh3 Qxh3+ 53. Kxh3 b4 54. Rg8+ Kd7 55. Rb8 exd4 56. Bxd4 Nxc5 57. Rxb4 Ne6 58. Rb7+ Ke8 59. Ng6 Bd8 60. Bb6 d4 61. Bxd8 Kxd8 62. Nf4 1-0

[Event "World Blitz 2022"]
[Site "Almaty KAZ"]
[Date "2022.12.30"]
[Round "15.51"]
[White "Amin, B."]
[Black "Cheng, Bo"]
[Result "1-0"]
[WhiteElo "2682"]
[BlackElo "2583"]
[PlyCount "87"]
[EventDate "2022.12.29"]
[EventType "blitz"]

1. Nf3 d5 2. g3 Nc6 3. d4 Bf5 4. Bg2 Nb4 5. Na3 e6 6. O-O Be7 7. c3 Nc6 8. Qb3 Rb8 9. Ne5 Nf6 10. Qa4 O-O 11. Nxc6 bxc6 12. Qxc6 Rb6 $146 ({RR} 12... Qc8 13. b4 e5 14. Bxd5 exd4 15. Bg2 dxc3 16. Qxc3 Bxb4 17. Qc4 Be6 18. Qc2 Bf5 19. e4 Be6 20. Nc4 Qa6 21. Ne5 Qa5 22. Nc6 Qh5 23. Nxb8 Rxb8 24. Rb1 Rb6 25. Be3 c5 26. a3 Ba5 27. Qxc5 {Praggnanandhaa,R (2608)-Avalyan,A (2342) Chess.com INT 2020 1-0 (49)}) ({RR} 12... a5 13. Qa4 c5 14. Nc2 Qb6 15. dxc5 Bxc5 16. Nd4 Bg6 17. Nb3 Ra8 18. Nxc5 Qxc5 19. Be3 Qc7 20. c4 Rab8 21. cxd5 Nxd5 22. Bxd5 exd5 23. Bf4 Qe7 24. Bxb8 Rxb8 25. Rfe1 Rxb2 26. Qxa5 h6 27. Qxd5 {Praggnanandhaa,R (2741)-Niemann,H (2734) chess.com INT 2025 1-0 (48)}) 13. Qa4 Qc8 14. b4 Ne4 15. Nb1 h5 16. f3 Nd6 17. Nd2 h4 18. e4 Bg6 19. Qd1 hxg3 20. hxg3 dxe4 21. fxe4 Bg5 22. Qe2 Re8 23. Nb3 Qd8 24. Nc5 e5 25. d5 c6 26. a4 cxd5 27. exd5 Bxc1 28. Raxc1 Qg5 29. Qf2 Nf5 30. Ne4 Qd8 31. Rfd1 Bh7 32. a5 Rh6 33. Qxa7 Nd6 34. Nxd6 Qxd6 35. Qe3 f5 36. b5 Rf8 37. Re1 f4 38. Qxe5 Qc5+ 39. Qd4 Qxb5 40. d6 fxg3 41. d7 Qh5 42. Qd5+ Kh8 43. Qxh5 Rxh5 44. Re8 1-0

[Event "World Blitz 2022"]
[Site "Almaty KAZ"]
[Date "2022.12.30"]
[Round "16.1"]
[White "Carlsen, M."]
[Black "Keymer, Vincent"]
[Result "1-0"]
[WhiteElo "2859"]
[BlackElo "2696"]
[PlyCount "55"]
[EventDate "2022.12.29"]
[EventType "blitz"]

1. Nf3 d5 2. b3 Bg4 3. Bb2 Nd7 4. g3 e6 5. Bg2 Ngf6 6. d3 Bd6 7. Nbd2 O-O 8. h3 Bh5 9. g4 Bg6 10. Nh4 Be5 $146 ({RR} 10... a5 11. a4 c6 12. Nxg6 fxg6 13. e3 e5 14. Qe2 Qe7 15. h4 Nc5 16. g5 Nh5 17. Bf3 Qf7 18. Bg4 Ne6 19. Rg1 Rae8 20. O-O-O b5 21. axb5 cxb5 22. Nf3 a4 23. Kb1 axb3 24. cxb3 Nc5 25. d4 {Vitiugov,N (2678)-Niemann,H (2711) London ENG 2024 0-1 (37)}) 11. d4 Bd6 12. Nxg6 hxg6 13. e3 c5 14. g5 Nh5 15. Nf3 cxd4 16. Qxd4 Rc8 17. O-O-O Qc7 18. Rd2 Nc5 19. Ne1 Rfd8 20. Kb1 e5 21. Qg4 d4 22. Nf3 d3 23. Rc1 e4 24. Ne1 Be5 25. Bxe5 Qxe5 26. cxd3 Nxd3 27. Rxc8 Rxc8 28. Qxc8+ 1-0

[Event "World Blitz 2022"]
[Site "Almaty KAZ"]
[Date "2022.12.30"]
[Round "16.30"]
[White "Pantsulaia, L."]
[Black "Tari, A."]
[Result "1-0"]
[WhiteElo "2597"]
[BlackElo "2659"]
[PlyCount "132"]
[EventDate "2022.12.29"]
[EventType "blitz"]

1. Nf3 Nf6 2. g3 c5 3. Bg2 Nc6 4. c4 d5 5. cxd5 Nxd5 6. Nc3 Nxc3 7. bxc3 e5 8. d3 Be7 9. O-O O-O 10. Nd2 ({RR} 10. Rb1 Rb8 11. Nd2 Be6 12. Nc4 f6 13. f4 Qd7 14. fxe5 fxe5 15. Rxf8+ Rxf8 16. Qa4 a6 17. Nb6 Qe8 18. Be3 Qh5 19. Qc2 Qf7 20. Rf1 Qe8 21. Rxf8+ Bxf8 22. Qa4 h6 23. Qe4 Qf7 24. g4 Qc7 {Bjerre,J (2637)-Grandelius,N (2644) Denmark DEN 2025 1-0 (54)}) 10... Qc7 11. a4 $146 ({RR} 11. Nc4 Na5 12. Ne3 Be6 13. c4 Qd7 14. Rb1 Rad8 15. Nd5 b6 16. Bb2 f6 17. f4 Bd6 18. Bc3 Nc6 19. a4 Rfe8 20. a5 bxa5 21. fxe5 Bxe5 22. Bxe5 Nxe5 23. Rb7 Qd6 24. Rxf6 gxf6 25. Nxf6+ Kf8 {Ross,D (2345)-Schmidt,T Brantford 1999 ½-½}) 11... Be6 12. Nc4 b6 13. Qc2 f6 14. Rb1 Rab8 15. e4 Qd7 16. Ne3 Bd6 17. Nd5 Ne7 18. Ne3 a6 19. c4 Nc6 20. Nd5 Nd4 21. Qd1 b5 22. axb5 axb5 23. Be3 Rb7 24. h4 Rfb8 25. Kh2 Bg4 26. f3 Be6 27. Rf2 bxc4 28. Rxb7 Qxb7 29. dxc4 Qb3 30. Qc1 Qd3 31. Bf1 Qb1 32. Qxb1 Rxb1 33. Kg2 Rb3 34. Bc1 h5 35. Ra2 Rxf3 36. Ra6 Bh3+ 37. Kxh3 Rxf1 38. Be3 Bf8 39. g4 Rf3+ 40. Kg2 hxg4 41. h5 Nc2 42. Bf2 Nb4 43. Ra8 Nd3 44. Be3 Kf7 45. Ra7+ Kg8 46. Ra8 Kf7 47. Ra7+ Ke6 48. Nc7+ Kd7 49. Nd5+ Ke8 50. Nc7+ Kf7 51. Nd5+ Kg8 52. Ra8 Rh3 53. h6 gxh6 54. Nxf6+ Kf7 55. Nxg4 Rh5 56. Rd8 Be7 57. Rxd3 Rh4 58. Kg3 h5 59. Nxe5+ Ke6 60. Nf3 Rxe4 61. Nd2 Rg4+ 62. Kf3 Bd6 63. Ne4 Be5 64. Nxc5+ Kf5 65. Rd5 Rg3+ 66. Kf2 Kf6 1-0

[Event "World Blitz 2022"]
[Site "Almaty KAZ"]
[Date "2022.12.30"]
[Round "17.7"]
[White "Fedoseev, Vl3"]
[Black "Anton Guijarro, D."]
[Result "1-0"]
[WhiteElo "2688"]
[BlackElo "2675"]
[PlyCount "209"]
[EventDate "2022.12.29"]
[EventType "blitz"]

1. Nf3 d5 2. g3 c5 3. Bg2 Nf6 4. O-O e6 5. c4 d4 6. d3 Nc6 7. e3 h6 ({RR} 7... Bd6 8. exd4 cxd4 9. Bg5 h6 10. Bxf6 Qxf6 11. Nbd2 Qe7 12. a3 a5 13. Re1 O-O 14. Rc1 a4 15. Ne4 Bc7 16. c5 f5 17. Nd6 Bxd6 18. cxd6 Qxd6 19. Nd2 Ra6 20. Nc4 Qb8 21. Bxc6 bxc6 22. Re5 {Tabatabaei,M (2685)-Sindarov,J (2658) Hangzhou CHN 2023 1-0 (34)}) 8. Na3 e5 ({RR} 8... dxe3 9. Bxe3 e5 10. Re1 Be6 11. Bd2 Bd6 12. Bc3 Nd7 13. Qb3 Qb6 14. Qxb6 axb6 15. Nb5 Bb8 16. Nd2 Nf6 17. Nf3 Nd7 18. a3 O-O 19. Rad1 Rd8 20. h3 Nf8 21. b3 Ng6 22. a4 Bf5 23. Bf1 {Obgolts,E (2403)-Pashikyan,R (2335) Moscow RUS 2025 ½-½ (67)}) 9. exd4 exd4 $146 ({RR} 9... cxd4 10. Re1 Bd6 11. Nb5 O-O 12. Nxd6 Qxd6 13. a3 a5 14. Nd2 a4 15. Ne4 Nxe4 16. Bxe4 Kh8 17. Bd2 f5 18. Bg2 Bd7 19. Qh5 Qf6 20. f4 exf4 21. Bxf4 Rae8 22. Qf3 Rxe1+ 23. Rxe1 Re8 24. Rxe8+ {Maksimovic,B (2485)-Karttunen,M (2479) chess.com INT 2024 ½-½ (111)}) 10. Re1+ Be7 11. Bf4 O-O 12. Nb5 Bg4 13. h3 Bh5 14. g4 Bg6 15. Ne5 Nxe5 16. Bxe5 a6 17. Nc7 Rc8 18. Nd5 Nxd5 19. Bxd5 Bd6 20. f4 Re8 21. Qf3 Bxe5 22. Rxe5 Rxe5 23. fxe5 Rc7 24. Re1 Re7 25. h4 Qe8 26. Kg2 b6 27. b3 a5 28. h5 Bh7 29. Qg3 Kh8 30. g5 hxg5 31. Qxg5 Qf8 32. Qg3 f6 33. e6 f5 34. Qg5 Qf6 35. Qxf6 gxf6 36. Kf3 Kg7 37. Kf4 Kh6 38. Bf3 Kg7 39. a3 Kh6 40. Re2 Kg7 41. Bd5 Kh6 42. Rh2 Re8 43. Rh3 Re7 44. Rh2 Rg7 45. Bf3 Re7 46. Re2 Kg7 47. Bg2 Bg8 48. Kxf5 Bh7+ 49. Kf4 Bxd3 50. Re1 Bc2 51. Bd5 Kh6 52. Rg1 d3 53. Ke3 Kxh5 54. Kd2 Kh6 55. Kc3 f5 56. Rg2 Kh5 57. Rg8 f4 58. Rf8 Kg5 59. Rf7 Re8 60. Rg7+ Kf6 61. Rf7+ Ke5 62. e7 Kd6 63. Rxf4 Kxe7 64. Rf7+ Kd6 65. Rf6+ Kc7 66. Rc6+ Kd7 67. Rxb6 Re2 68. Bf3 Rf2 69. Bg4+ Kc7 70. Rb5 Kd6 71. Rxa5 Bb1 72. Bd1 Rf1 73. Kd2 Rf2+ 74. Kc3 Rf1 75. Bg4 Rc1+ 76. Kb2 d2 77. Ra8 Kc7 78. Rc8+ Kb6 79. Rd8 Rg1 80. Rxd2 Rxg4 81. Kxb1 Rg3 82. Ka2 Ka5 83. Rd5 Rg2+ 84. Kb1 Kb6 85. b4 cxb4 86. axb4 Rg4 87. Rb5+ Ka6 88. Rc5 Kb6 89. Kb2 Rg1 90. Rh5 Rg3 91. Rh6+ Kb7 92. c5 Kc7 93. Rb6 Rh3 94. Rd6 Rg3 95. b5 Rg5 96. b6+ Kb8 97. Rd8+ Kb7 98. Rd7+ Kb8 99. Rc7 Rf5 100. Kc3 Rf1 101. Kc4 Rc1+ 102. Kd5 Rh1 103. Re7 Rh5+ 104. Kc6 Rh6+ 105. Kb5 1-0

[Event "World Blitz 2022"]
[Site "Almaty KAZ"]
[Date "2022.12.30"]
[Round "17.11"]
[White "Grischuk, A."]
[Black "Sanal, V."]
[Result "1-0"]
[WhiteElo "2745"]
[BlackElo "2597"]
[PlyCount "149"]
[EventDate "2022.12.29"]
[EventType "blitz"]

1. Nf3 d5 2. g3 g6 3. Bg2 Bg7 4. O-O Nf6 5. d3 O-O 6. Nc3 Nc6 7. e4 d4 8. Nb1 e5 9. a4 Ne8 10. Na3 Nd6 11. Nd2 $146 ({RR} 11. b3 f5 12. exf5 Bxf5 13. Ng5 Kh8 14. Nc4 h6 15. Ne4 Nxe4 16. Bxe4 Bxe4 17. dxe4 Qd7 18. Nb2 Nd8 19. Nd3 Qh3 20. Qe2 Ne6 21. Bd2 c5 22. a5 Rae8 23. f3 Rc8 24. a6 b5 25. Ra5 c4 {Zhukov,M (2097)-Korchmar,V (2451) Chess.com INT 2020 0-1 (66)}) 11... Be6 12. b3 f5 13. exf5 Bxf5 14. Nac4 Qd7 15. Ba3 Rf7 16. Qe2 h5 17. h4 Bg4 18. Qe1 Re8 19. Ne4 Nxe4 20. Qxe4 Bf5 21. Qd5 Qc8 22. Nd2 Rd8 23. Qf3 e4 24. Qe2 exd3 25. cxd3 Ne5 26. Ne4 Bg4 27. f3 Bf5 28. Rad1 a5 29. Bc1 Re8 30. Bf4 b6 31. Bxe5 Rxe5 32. f4 Re8 33. Kh2 c5 34. Qc2 Qd8 35. Ng5 Rfe7 36. Qc4+ Kh8 37. Be4 Rf8 38. Rde1 Bf6 39. Bxf5 gxf5 40. Re6 Bxg5 41. hxg5 Rxe6 42. Qxe6 Qe8 43. Re1 Qxe6 44. Rxe6 Rb8 45. Kh3 b5 46. Kh4 c4 47. dxc4 bxc4 48. bxc4 Rd8 49. Re2 Kg7 50. c5 d3 51. Rd2 Kg6 52. c6 Rc8 53. Rxd3 Rxc6 54. Rd5 Rc2 55. Kh3 Rc1 56. Rxa5 Rh1+ 57. Kg2 Ra1 58. Ra6+ Kg7 59. a5 Ra2+ 60. Kh3 Ra1 61. Ra8 Ra2 62. Ra7+ Kg6 63. Ra6+ Kg7 64. Ra8 Kg6 65. a6 Kf7 66. a7 Kg7 67. g6 Ra3 68. Kh4 Ra6 69. Kxh5 Ra3 70. Kg5 Rxg3+ 71. Kxf5 Ra3 72. Ke4 Ra4+ 73. Kd3 Ra3+ 74. Kc2 Ra6 75. f5 1-0

[Event "World Blitz 2022"]
[Site "Almaty KAZ"]
[Date "2022.12.30"]
[Round "17.36"]
[White "Gelfand, B."]
[Black "Petrosyan, M."]
[Result "1-0"]
[WhiteElo "2667"]
[BlackElo "2621"]
[PlyCount "85"]
[EventDate "2022.12.29"]
[EventType "blitz"]

1. Nf3 d5 2. g3 Bg4 3. Bg2 Nd7 4. O-O e5 5. d3 Ngf6 6. h3 Bxf3 ({RR} 6... Bh5 7. Qe1 c6 8. e4 dxe4 9. dxe4 Bc5 10. Nh4 a5 11. Nd2 a4 12. Nc4 b5 13. Ne3 O-O 14. Bd2 Re8 15. Nhf5 Qb6 16. Kh2 Nf8 17. a3 Ne6 18. c3 Qc7 19. Nc2 Rad8 20. Be3 Bxe3 21. fxe3 {Bacrot,E (2712)-Short,N (2684) Playchess.com INT 2004 0-1 (65)}) ({RR} 6... Bh5 7. g4 Bg6 8. Nbd2 Bd6 9. Re1 c6 10. Nf1 Qc7 11. Ng3 e4 12. dxe4 dxe4 13. Nh4 Bxg3 14. Nxg6 Bh2+ 15. Kh1 hxg6 16. Be3 Bf4 17. Qd2 Bxe3 18. Qxe3 O-O-O 19. Kg1 Nb6 20. g5 Nfd5 21. Qxe4 {Nita,L (2143)-Orozbaev,E (2419) chess.com INT 2025 0-1 (44)}) 7. Bxf3 Bc5 8. e4 $146 ({RR} 8. Bg2 c6 9. c4 dxc4 10. dxc4 Qe7 11. Nc3 O-O 12. Na4 Bd6 13. Be3 Nc5 14. Nxc5 Bxc5 15. Qb3 Bxe3 16. Qxe3 a6 17. Rfd1 Rad8 18. Qb6 Rd7 19. Rxd7 Qxd7 20. e3 e4 21. Qd4 Qxd4 22. exd4 Rd8 {Ledger,A (2225)-Flear,G (2435) Plymouth 1989 ½-½ (31)}) 8... dxe4 9. dxe4 O-O 10. Nd2 a5 11. a4 Qe7 12. Qe2 Rfd8 13. Nc4 Nb6 14. Ne3 g6 15. Bd2 Rd4 16. Nd5 Nfxd5 17. exd5 Rxa4 18. Rxa4 Nxa4 19. Ra1 Nb6 20. Rxa5 Rxa5 21. Bxa5 f5 22. Bg2 e4 23. c4 Bb4 24. Bxb6 cxb6 25. g4 Qg5 26. Qe3 Qf6 27. gxf5 gxf5 28. Qg3+ Kf7 29. Qc7+ Kg6 30. Qxb7 Bd6 31. Qc8 Qe5 32. Qg8+ Kh6 33. h4 Qh2+ 34. Kf1 Qf4 35. Qe6+ Kg7 36. Qd7+ Kf8 37. Qd8+ Kf7 38. Qd7+ Kf8 39. Bh3 Qc1+ 40. Kg2 Bc5 41. Qxf5+ Ke8 42. Qe5+ Kd8 43. d6 1-0